|
|
|
|
| LEADER |
02896 a2200349 4500 |
| 001 |
45473 |
| 003 |
BD-DhAAL |
| 005 |
20260409154059.0 |
| 008 |
260408r20242011bg ab||| |||| 00| 0 ben d |
| 020 |
|
|
|a 9789844142084
|
| 040 |
|
|
|a BD-DhAAL
|c BD-DhAAL
|
| 041 |
|
|
|a ben
|a eng
|
| 082 |
|
|
|a 954.035092
|
| 245 |
|
|
|a ভারতের স্বাধীনতা সংগ্রাম, চট্টগ্রাম বিদ্রোহ ও বিপ্লবী মহানায়ক সূর্য সেন /
|c শরীফ শমশির সম্পাদিত.
|
| 246 |
|
|
|a Bharoter sadinota songram, Chottogram bidroho o biplobi mohanaok Surjo Sen
|
| 260 |
|
|
|a ঢাকা :
|b অনিন্দ্য,
|c ২০১১ [দ্বিতীয় মুদ্রণ ২০২৪].
|
| 300 |
|
|
|a ৫৫২ পৃষ্ঠা :
|b মানচিত্র, চিত্র ;
|c ২২ সে. মি.
|
| 504 |
|
|
|a গ্রন্থপঞ্জিগত নির্দেশনা অন্তর্ভুক্ত।
|
| 526 |
|
|
|a GenEd (RS)
|x Syed M Hashemi, PhD
Professor
School of General Education
Course name and No. : Emergence of Bangladesh (EMB-101)
|
| 541 |
|
|
|a Anindya Prokash
|e 45473
|
| 546 |
|
|
|a In Bengali; includes articles in English.
|
| 600 |
|
|
|a Sena, Sūrya,
|d 1892-1934.
|9 60425
|
| 650 |
|
0 |
|a Revolutionaries
|z India
|v Biography.
|9 60426
|
| 650 |
|
0 |
|a Nationalism
|z India
|x History.
|
| 650 |
|
0 |
|a Chittagong District (Bangladesh)
|x Politics and government.
|9 60427
|
| 700 |
1 |
|
|a শমশির, শরীফ.
|9 60428
|
| 942 |
|
|
|c BK
|2 ddc
|
| 999 |
|
|
|c 47767
|d 47767
|
| 952 |
|
|
|0 0
|1 0
|2 ddc
|4 0
|6 954_035092000000000_BHA
|7 0
|9 78902
|a SCL
|b SCL
|c GEN
|d 2026-04-06
|e Anindya Prokash
|g 600.00
|l 0
|o 954.035092 BHA
|p 3020045476
|r 2026-04-06
|t 4
|v 1200.00
|w 2026-04-06
|y BK
|x Requisitioned by Syed M Hashemi, PhD (Professor, School of General Education), for the course named - 'Emergence of Bangladesh (EMB-101)'
|
| 952 |
|
|
|0 0
|1 0
|2 ddc
|4 0
|6 954_035092000000000_BHA
|7 0
|9 78903
|a SCL
|b SCL
|c GEN
|d 2026-04-06
|e Anindya Prokash
|g 600.00
|l 0
|o 954.035092 BHA
|p 3020045475
|r 2026-04-06
|t 3
|v 1200.00
|w 2026-04-06
|y BK
|x Requisitioned by Syed M Hashemi, PhD (Professor, School of General Education), for the course named - 'Emergence of Bangladesh (EMB-101)'
|
| 952 |
|
|
|0 0
|1 0
|2 ddc
|4 0
|6 954_035092000000000_BHA
|7 0
|9 78904
|a BRACUL
|b BRACUL
|c GEN
|d 2026-04-06
|e Anindya Prokash
|g 600.00
|l 0
|o 954.035092 BHA
|p 3010045474
|r 2026-04-06
|t 2
|v 1200.00
|w 2026-04-06
|y BK
|x Requisitioned by Syed M Hashemi, PhD (Professor, School of General Education), for the course named - 'Emergence of Bangladesh (EMB-101)'
|
| 952 |
|
|
|0 0
|1 0
|2 ddc
|4 0
|6 954_035092000000000_BHA
|7 0
|9 78905
|a BRACUL
|b BRACUL
|c NEW
|d 2026-04-06
|e Anindya Prokash
|g 600.00
|l 0
|o 954.035092 BHA
|p 3010045473
|r 2026-04-06
|t 1
|v 1200.00
|w 2026-04-06
|y BK
|x Requisitioned by Syed M Hashemi, PhD (Professor, School of General Education), for the course named - 'Emergence of Bangladesh (EMB-101)'
|